Test na Polaka #2 - Statystyki

Ogólne statystyki
  • Ten quiz został rozwiązany 28 razy
    27 od ostatniego zresetowania
  • Średni wynik to 7 z 10
Statystyki odpowiedzi
Zagadnienie Odpowiedź % Poprawnych
Co zrobić jak Polak jest zły (i ma więcej niż 18 lat) Dać mu piwo
96%
Kto to Polak? Ja i ty
96%
NAJGORSZY CZŁOWIEK NA ŚWIECIE TO ! SOMSIAD
92%
(dokończ) Polska .................................... Biało czerwoni
88%
Najlepszy somsiad Polski Czechy
75%
W której kolumnie są litery które tworzą słowo Polak ouwapehiaulrew3jhtqegredrfwssdfgtk56
67%
Czy chcesz następną część (70% i 100 rozwiązań do 20.05 i robię) Tak
63%
Najlepszy Polak to Janusz
54%
Co jest najważniejsze
29%
Prezydent Polski to WiktorAKToInny
4%
Nie znaleziono quizów pasujących do podanych kryteriów
Rozkład punktacji
Procent ludzi z każdym wynikiem
Percentyl według liczby udzielonych odpowiedzi
Twoja historia wyników
Nie rozwiązałeś tego quizu od ostatniego zresetowania